|
|
|
|
| LEADER |
03051nam a2200769 a 4500 |
| 001 |
nkc20122427870 |
| 003 |
CZ PrNK |
| 005 |
20130611105717.0 |
| 007 |
ta |
| 008 |
121127s2012 xr c g 000 facze |
| 015 |
|
|
|a cnb002427870
|
| 020 |
|
|
|a 978-80-87256-87-9
|q (váz.)
|
| 035 |
|
|
|a (OCoLC)829661419
|
| 040 |
|
|
|a ABA001
|b cze
|
| 043 |
|
|
|a e-xr---
|
| 045 |
|
|
|a x3y0
|
| 072 |
|
7 |
|a 821.162.3-3
|x Česká próza
|2 Konspekt
|9 25
|
| 072 |
|
7 |
|a 929
|x Biografie
|2 Konspekt
|9 8
|
| 080 |
|
|
|a 821.162.3-3
|2 MRF
|
| 080 |
|
|
|a 929
|2 MRF
|
| 080 |
|
|
|a 821.162.3-055.2
|2 MRF
|
| 080 |
|
|
|a 80-055.2
|2 MRF
|
| 080 |
|
|
|a 82.0-051
|2 MRF
|
| 080 |
|
|
|a 821.162.3
|2 MRF
|
| 080 |
|
|
|a 82.0
|2 MRF
|
| 080 |
|
|
|a 316.72/.75
|2 MRF
|
| 080 |
|
|
|a 304.2/.4
|2 MRF
|
| 080 |
|
|
|a 323
|2 MRF
|
| 080 |
|
|
|a (437.3)
|2 MRF
|
| 080 |
|
|
|a (0:82-322.6)
|2 MRF
|
| 100 |
1 |
|
|a Blažíčková, Anna,
|d 1933-
|7 ola2001100366
|4 aut
|
| 245 |
1 |
0 |
|a Teď něco ze života /
|c Anna Blažíčková ; [doslov napsala Věra Koubová]
|
| 250 |
|
|
|a Vyd. 1.
|
| 260 |
|
|
|a Praha :
|b Triáda,
|c 2012
|
| 300 |
|
|
|a 453 s. :
|b 1 portrét ;
|c 19 cm
|
| 490 |
1 |
|
|a Delfín ;
|v sv. 127
|
| 600 |
1 |
7 |
|a Blažíčková, Anna,
|d 1933-
|7 ola2001100366
|2 czenas
|
| 600 |
1 |
7 |
|a Blažíček, Přemysl,
|d 1932-2002
|7 jk01012340
|2 czenas
|
| 648 |
|
7 |
|a 20.-21. století
|7 ch462155
|2 czenas
|
| 648 |
|
4 |
|a 1933-2005
|
| 650 |
0 |
7 |
|a české spisovatelky
|7 ph128153
|y 20.-21. stol.
|2 czenas
|
| 650 |
0 |
7 |
|a filoložky
|7 ph490142
|z Česko
|y 20.-21. stol.
|2 czenas
|
| 650 |
0 |
7 |
|a literární vědci
|7 ph122402
|z Česko
|y 20.-21. stol.
|2 czenas
|
| 650 |
0 |
7 |
|a česká literatura
|7 ph116858
|y 20.-21. stol.
|2 czenas
|
| 650 |
0 |
7 |
|a literární věda
|7 ph137144
|z Česko
|y 20.-21. stol.
|2 czenas
|
| 650 |
0 |
7 |
|a kultura a společnost
|7 ph122010
|z Česko
|y 20.-21. stol.
|2 czenas
|
| 650 |
0 |
7 |
|a kulturní politika
|7 ph122027
|z Česko
|y 20.-21. stol.
|2 czenas
|
| 650 |
0 |
9 |
|a Czech women authors
|y 20th-21st centuries
|2 eczenas
|
| 650 |
0 |
9 |
|a women philologists
|z Czechia
|y 20th-21st centuries
|2 eczenas
|
| 650 |
0 |
9 |
|a literary scientists
|z Czechia
|y 20th-21st centuries
|2 eczenas
|
| 650 |
0 |
9 |
|a Czech literature
|y 20th-21st centuries
|2 eczenas
|
| 650 |
0 |
9 |
|a literary studies
|z Czechia
|y 20th-21st centuries
|2 eczenas
|
| 650 |
0 |
9 |
|a culture and society
|z Czechia
|y 20th-21st centuries
|2 eczenas
|
| 650 |
0 |
9 |
|a cultural policy
|z Czechia
|y 20th-21st centuries
|2 eczenas
|
| 655 |
|
7 |
|a české prózy
|7 fd133972
|2 czenas
|
| 655 |
|
7 |
|a autobiografické prózy
|7 fd131850
|2 czenas
|
| 655 |
|
9 |
|a Czech prose
|2 eczenas
|
| 655 |
|
9 |
|a autobiographical prose
|2 eczenas
|
| 651 |
|
7 |
|a Česko
|7 ge128065
|x společnost a politika
|y 20.-21. stol.
|2 czenas
|
| 651 |
|
9 |
|a Czechia
|x society and politics
|y 20th-21st centuries
|2 eczenas
|
| 830 |
|
0 |
|a Delfín (Triáda)
|0 s
|
| 910 |
2 |
|
|a BOA001
|b 1-1301.680
|
| 990 |
|
|
|a BK
|
| 995 |
|
|
|a 01
|
| 991 |
|
|
|b 201304
|e b
|
| 996 |
6 |
|
|b 2610543914
|c 1-1301.680
|l MZK
|r Sklad / do 1 hodiny
|n 2
|p p.v.
|w 001320834
|u 000010
|a 1
|e BOA001
|j MZK50
|s P
|
| 996 |
7 |
|
|b 2610552827
|c 1-1301.680
|l MZK
|r Sklad / do 1 hodiny
|n 4
|p kup
|w 001320834
|u 000020
|a 1
|e BOA001
|j MZK50
|s A
|